000 00437 a2200157 4500
999 _c320859
_d320859
001 85786
003 NUST
005 20180119203509.0
008 180119b xxu||||| |||| 00| 0 eng d
020 _a1555870082
082 _a350.0074091 KER
100 _aJohn E. Kerrigan
_99177
245 _aManagement Training Strategies for Developing Countries
_hEnglish
250 _a1st
260 _aLondon
_bLynne Rienner Publishers
_c1987
300 _axvi 240p.
500 _aGifted By AM Masood Akhtar
942 _acaenust
_cBK
_k350.0074091 KER
_2ddc